| 000 | 00352nam a22001457a 4500 | ||
|---|---|---|---|
| 003 | SGT | ||
| 020 | _a9789353572730 | ||
| 082 |
_a320 _bA20R |
||
| 100 | _aRAGHAVAN, PALLAVI | ||
| 245 | _aANIMOSITY AT BAY: AN ALTERNATIVE HISTORY OF INDIA | ||
| 260 |
_bHARPER COLLINS PUBLISHER _c2020 |
||
| 300 | _a247 | ||
| 650 | _aPOLITICAL SCIENCE | ||
| 942 |
_2ddc _cBK |
||
| 999 |
_c27219 _d27219 |
||